Billboard Hot 100 #1 Hits of 2025 - Statistics

General Stats
  • This quiz has been taken 21 times
  • The average score is 40 of 52
Answer Stats
Issue Date #1 Hit Artist % Correct
January 4 All I Want for Christmas Is You Mariah Carey
89%
December 13 All I Want for Christmas Is You Mariah Carey
89%
December 20 All I Want for Christmas Is You Mariah Carey
89%
December 27 All I Want for Christmas Is You Mariah Carey
89%
January 11 Die with a Smile Lady Gaga & Bruno Mars
89%
January 18 Die with a Smile Lady Gaga & Bruno Mars
89%
January 25 Die with a Smile Lady Gaga & Bruno Mars
89%
February 1 Die with a Smile Lady Gaga & Bruno Mars
89%
February 15 Die with a Smile Lady Gaga & Bruno Mars
89%
June 7 Ordinary Alex Warren
84%
June 14 Ordinary Alex Warren
84%
June 28 Ordinary Alex Warren
84%
July 5 Ordinary Alex Warren
84%
July 12 Ordinary Alex Warren
84%
July 19 Ordinary Alex Warren
84%
July 26 Ordinary Alex Warren
84%
August 2 Ordinary Alex Warren
84%
August 9 Ordinary Alex Warren
84%
August 23 Ordinary Alex Warren
84%
August 16 Golden Huntr/x
79%
August 30 Golden Huntr/x
79%
September 6 Golden Huntr/x
79%
September 13 Golden Huntr/x
79%
September 20 Golden Huntr/x
79%
September 27 Golden Huntr/x
79%
October 4 Golden Huntr/x
79%
October 11 Golden Huntr/x
79%
October 18 The Fate of Ophelia Taylor Swift
79%
October 25 The Fate of Ophelia Taylor Swift
79%
November 1 The Fate of Ophelia Taylor Swift
79%
November 8 The Fate of Ophelia Taylor Swift
79%
November 15 The Fate of Ophelia Taylor Swift
79%
November 22 The Fate of Ophelia Taylor Swift
79%
November 29 The Fate of Ophelia Taylor Swift
79%
December 6 The Fate of Ophelia Taylor Swift
79%
March 1 Luther Kendrick Lamar & SZA
68%
March 8 Luther Kendrick Lamar & SZA
68%
March 15 Luther Kendrick Lamar & SZA
68%
March 22 Luther Kendrick Lamar & SZA
68%
March 29 Luther Kendrick Lamar & SZA
68%
April 5 Luther Kendrick Lamar & SZA
68%
April 12 Luther Kendrick Lamar & SZA
68%
April 19 Luther Kendrick Lamar & SZA
68%
April 26 Luther Kendrick Lamar & SZA
68%
May 3 Luther Kendrick Lamar & SZA
68%
May 10 Luther Kendrick Lamar & SZA
68%
May 17 Luther Kendrick Lamar & SZA
68%
May 24 Luther Kendrick Lamar & SZA
68%
June 21 Manchild Sabrina Carpenter
68%
February 22 Not Like Us Kendrick Lamar
68%
May 31 What I Want Morgan Wallen ft. Tate McRae
47%
February 8 4x4 Travis Scott
37%
No matching quizzes found
Score Distribution
Percent of People with Each Score
Percentile by Number Answered
Your Score History
You have not taken this quiz